National Assembly Library of Thailand

Extreme speech and democracy (ระเบียนเลขที่ 63478)

รายละเอียดในรูปแบบ MARC
000 -LEADER
fixed length control field 00754nam a22002297a 4500
005 - DATE AND TIME OF LATEST TRANSACTION
control field 20251008162124.0
008 - FIXED-LENGTH DATA ELEMENTS--GENERAL INFORMATION
fixed length control field s2009 eng d
020 ## - INTERNATIONAL STANDARD BOOK NUMBER
International Standard Book Number 9780199601790
041 ## - LANGUAGE CODE
Language code of text/sound track or separate title eng
090 ## - LOCALLY ASSIGNED LC-TYPE CALL NUMBER (OCLC); LOCAL CALL NUMBER (RLIN)
Classification number (OCLC) (R) ; Classification number, CALL (RLIN) (NR) KF43 E97 2010
100 0# - MAIN ENTRY--PERSONAL NAME
Personal name Weinstein, James, ed.
245 10 - TITLE STATEMENT
Title Extreme speech and democracy
260 3# - PUBLICATION, DISTRIBUTION, ETC.
Place of publication, distribution, etc. Oxford :
Name of publisher, distributor, etc. Oxford University Press,
Date of publication, distribution, etc. 2009
300 ## - PHYSICAL DESCRIPTION
Extent 647 p. ;
Other physical details 23 cm.
650 04 - SUBJECT ADDED ENTRY--TOPICAL TERM
Topical term or geographic name entry element Hate speech
650 04 - SUBJECT ADDED ENTRY--TOPICAL TERM
Topical term or geographic name entry element Freedom of speech
850 ## - HOLDING INSTITUTION
Holding institution NALT
942 ## - ADDED ENTRY ELEMENTS (KOHA)
Koha item type Law Book
Koha issues (borrowed), all copies 2
997 ## -
-- 9141
-- VC
997 ## -
-- 000000000063478
998 ## - LOCAL CONTROL INFORMATION (RLIN)
-- นางสาวเบญจลักษณ์ สุทธิวิไล
-- 8
-- นายบัณฑิต อุทาวงค์
รายการที่มีในห้องสมุด
Withdrawn status Lost status Damaged status Not for loan Collection code Home library Current library Source of acquisition Cost, normal purchase price Total Checkouts Total Renewals Full call number Barcode Date last seen Date last checked out Cost, replacement price Price effective from Koha item type
        Law Book collection National Assembly Library of Thailand National Assembly Library of Thailand จัดซื้อทรัพยากร 1500.00 2 2 KF 43 E97 2010 3961185837 20/10/2025 08/10/2025 1550.00 09/06/2017 Law Book
หอสมุดรัฐสภา
สำนักงานเลขาธิการสภาผู้แทนราษฎร เลขที่ 1111 ถนนสามเสน แขวงถนนนครไชยศรี เขตดุสิต กรุงเทพฯ 10300
The Secretariat of the House of Representatives 1111 Samsen Road, Thanon Nakhon Chai Si, Dusit, Bangkok 10300, THAILAND
โทรศัพท์: +66(0) 2242 5900 ต่อ 5714-5 โทรสาร: +66(0) 2242 5990 อีเมล: [email protected]